000 00262nam a2200097Ia 4500
005 20251222114403.0
008 251222s1900||||xx |||||||||||||| ||spa||
082 _aDVD0090/M26/2003/T.2
245 0 _aLos mejores cortos del cine español - volumen nº 2:
942 _cDVD
999 _c1705
_d1705